| 000 | 00363nam a2200145 a 4500 | ||
|---|---|---|---|
| 005 | 20140414132123.0 | ||
| 008 | 131216s19uu xx 00 eng d | ||
| 020 | _a9781934618479 | ||
| 050 |
_aTR _bHoo789 2009 |
||
| 245 | _aHooray for hands!. | ||
| 260 |
_aNew York : _bSterling Publishing, _cc2009. |
||
| 300 | _a16 | ||
| 650 |
_aHands- _xuses |
||
| 999 |
_c115129 _d115129 |
||